El coordinador de ciclo en la enseñanza general básica /

Guardado en:
Autor Principal: Paredes De Meaños, Zulema
Formato: Libro
Publicado: Buenos Aires : El Ateneo, 1995
Series:Nuevos Aires de Educación
Materias:
Etiquetas: Agregar Etiqueta
Sin Etiquetas, Sea el primero en etiquetar este registro!
LEADER 00920nam a22002175a 4500
001 CEM.cems009037
005 20090914113428.0
008 130507s1995##################000#0#####d
003 CEMS
020 |a 9500258102 
082 0 4 |a 372 
100 1 |a Paredes De Meaños, Zulema 
245 1 0 |a El coordinador de ciclo en la enseñanza general básica /  |c Zulema Paredes de Meaños 
260 |a Buenos Aires :  |b El Ateneo,  |c 1995 
300 |a 60 p. 
490 0 |a Nuevos Aires de Educación 
505 0 |a La organización y conducción de la escuela -- La organización de ciclos -- El coordinador del ciclo como integrante del equipo directivo -- Una experiencia concreta: el coordinador de ciclo, figura clave en la gestión escolar / Lía López de Volpini 
653 |a Administración escolar 
653 |a Dirección escolar 
653 |a Enseñanza general básica 
859 |a CEMS  |b BIB. CEMS - 11 de abril  |h 372  |i P214  |p 18655.95  |t Ej.1